<The> Part of Enterprise in a Development of Social Innovation Activity

Sociálny rozmer inovačnej aktivity je v súčasnosti novou výzvou a tiež aj silnou platformou pre úspešný rozvoj podnikania. Vo viacerých krajinách sa činnosť sociálnej inovácie stáva súčasťou bežného podnikania a to aj s očakávaným ziskom. Cieľom príspevku je vyplniť medzeru vo výskume rozvoja aktiv...

Descripción completa

Guardado en:
Detalles Bibliográficos
Autor principal: Shpak, Nestor
Otros Autores: Satalkina, Liliya, Reverenda, Nataliia, Budynskyy, Rostyslav
Formato: Capítulo de libro
Lenguaje:inglés
Materias:
Etiquetas: Agregar Etiqueta
Sin Etiquetas, Sea el primero en etiquetar este registro!

MARC

LEADER 00000nla a2200000 4500
001 0247122
005 20240417075144.2
041 0 |a eng 
044 |a SK 
245 1 0 |a <The> Part of Enterprise in a Development of Social Innovation Activity  |c Nestor Shpak, Liliya Satalkina, Nataliia Reverenda, Rostyslav Budynskyy 
520 |a Sociálny rozmer inovačnej aktivity je v súčasnosti novou výzvou a tiež aj silnou platformou pre úspešný rozvoj podnikania. Vo viacerých krajinách sa činnosť sociálnej inovácie stáva súčasťou bežného podnikania a to aj s očakávaným ziskom. Cieľom príspevku je vyplniť medzeru vo výskume rozvoja aktivít sociálnej inovácie z pohľadu podnikateľskej činnosti. 
610 2 0 |a inovácie sociálne 
610 2 0 |a efektívnosť inovácií 
610 2 0 |a prostredie podnikateľské 
610 2 0 |a zisk 
610 2 0 |a ekosystémy 
610 2 0 |a indexy 
610 2 0 |a analýza komparatívna 
100 1 |a Shpak, Nestor 
700 1 |a Satalkina, Liliya 
700 1 |a Reverenda, Nataliia 
700 1 |a Budynskyy, Rostyslav